LEADER 03124oas 2201141 a 450 001 9910137800203321 005 20251105213014.0 011 $a1091-7683 035 $a(DE-599)ZDB2004877-4 035 $a(DE-599)2004877-4 035 $a(OCoLC)35964325 035 $a(CONSER)sn 96003683 035 $a(CKB)954925270366 035 $a(EXLCZ)99954925270366 100 $a19961120a19859999 sy a 101 0 $aeng 135 $aurcnu|||||||| 181 $ctxt$2rdacontent 182 $cc$2rdamedia 183 $acr$2rdacarrier 200 10$aDeath studies 210 $aWashington, DC $cTaylor & Francis$d1985- 215 $a1 online resource 300 $aRefereed/Peer-reviewed 311 08$a0748-1187 531 0 $aDeath stud. 606 $aDeath$xPsychological aspects$vPeriodicals 606 $aBereavement$xPsychological aspects$vPeriodicals 606 $aTerminal care$vPeriodicals 606 $aDeath$xMoral and ethical aspects$vPeriodicals 606 $aMort$xAspect psychologique$vPe?riodiques 606 $aDeuil$xAspect psychologique$vPe?riodiques 606 $aSoins en phase terminale$vPe?riodiques 606 $aMort$xAspect moral$vPe?riodiques 606 $aDeath$2ebps 606 $aBereavement$2ebps 606 $aMental Health Services$2ebps 606 $aBereavement$xPsychological aspects$2fast$3(OCoLC)fst00830669 606 $aDeath$xMoral and ethical aspects$2fast$3(OCoLC)fst00888634 606 $aDeath$xPsychological aspects$2fast$3(OCoLC)fst00888643 606 $aTerminal care$2fast$3(OCoLC)fst01147835 608 $aPeriodicals.$2fast 608 $aPeriodicals.$2lcgft 615 0$aDeath$xPsychological aspects 615 0$aBereavement$xPsychological aspects 615 0$aTerminal care 615 0$aDeath$xMoral and ethical aspects 615 6$aMort$xAspect psychologique 615 6$aDeuil$xAspect psychologique 615 6$aSoins en phase terminale 615 6$aMort$xAspect moral 615 7$aDeath. 615 7$aBereavement. 615 7$aMental Health Services. 615 7$aBereavement$xPsychological aspects. 615 7$aDeath$xMoral and ethical aspects. 615 7$aDeath$xPsychological aspects. 615 7$aTerminal care. 676 $a306 712 02$aTaylor & Francis, 801 0$bNSD 801 1$bNSD 801 2$bOCL 801 2$bNSD 801 2$bOCL 801 2$bNSD 801 2$bOCL 801 2$bOCLCQ 801 2$bOCL 801 2$bOCLCQ 801 2$bUKMGB 801 2$bOCLCQ 801 2$bOCLCO 801 2$bOCLCQ 801 2$bOCLCF 801 2$bDLC 801 2$bOCLCO 801 2$bOCLCQ 801 2$bWT2 801 2$bNLE 801 2$bOCLCQ 801 2$bTOF 801 2$bAU@ 801 2$bDLC 801 2$bOCLCO 801 2$bLDP 801 2$bCGU 801 2$bSFB 801 2$bCNMTR 801 2$bOCLCQ 801 2$bUBY 801 2$bOCLCL 801 2$bCSU 801 2$bOCLCQ 906 $aJOURNAL 912 $a9910137800203321 996 $aDeath studies$92273892 997 $aUNINA